Flower arrangement : (Record no. 36232)

MARC details
000 -LEADER
fixed length control field 00773nam a22002177a 4500
005 - DATE AND TIME OF LATEST TRANSACTION
control field 20100519162829.0
008 - FIXED-LENGTH DATA ELEMENTS--GENERAL INFORMATION
fixed length control field 100519t xxu||||| |||| 00| 0 eng d
010 ## - LCCN (DPL NO)
LC control number ENG-96115
020 ## - INTERNATIONAL STANDARD BOOK NUMBER
International Standard Book Number 9788120748392
Terms of availability 199.00
035 ## - SYSTEM CONTROL NUMBER
System control number EN-79648
037 ## - SOURCE OF ACQUISITION
Source of stock number/acquisition DBAD/PUB
040 ## - CATALOGING SOURCE
Original cataloging agency DPL
Language of cataloging Eng
082 ## - DEWEY DECIMAL CLASSIFICATION NUMBER
Classification number 745.92
100 ## - MAIN ENTRY--PERSONAL NAME
Personal name Tulsyan, Ranjana
245 ## - TITLE STATEMENT
Title Flower arrangement :
Statement of responsibility, etc by Ranjana Tulsyan
Remainder of title 61 creative ways /
260 ## - PUBLICATION, DISTRIBUTION, ETC. (IMPRINT)
Place of publication, distribution, etc New Delhi
Name of publisher, distributor, etc Sterling Publishers
Date of publication, distribution, etc 2010
270 ## - ADDRESS
Address A-59, Okhla Industrial Area, Phase-II
City New Delhi
Postal code 110020
300 ## - PHYSICAL DESCRIPTION
Extent 95p.:
Dimensions 23 cm. (pbk)
Other physical details col. photos
942 ## - ADDED ENTRY ELEMENTS (KOHA)
Source of classification or shelving scheme Dewey Decimal Classification
Item type English Books
Call number suffix TUL
Classification part 745.92
Holdings
Withdrawn status Lost status Source of classification or shelving scheme Materials specified (bound volume or other part) Damaged status Not for loan Collection code Home library Current library Date acquired Source of acquisition Cost, normal purchase price Total Checkouts Full call number Barcode Date last seen Copy number Cost, replacement price Koha item type
    Dewey Decimal Classification Pbk   Not For Loan Non-fiction D.B.Act.Division D.B.Act.Division 13/04/2010 DBAD / PUB 199.00   TUL EN-79648 19/05/2010 1 199.00 English Books

© Delhi Public Library
Hit Counter
free hit counter